Szczegóły MARC21

Ocena przedsiębiorstwa według standardów światowych /

003 -Nazwa inst., której nr kontr. jest w polu 001 [,]
    • @
    • Nazwa instytucji, której n kontrolny jest w polu 001
    • NUKAT
005 -DATA I CZAS OSTATNIEJ MODYFIKACJI [,]
    • @
    • pole kontrolne
    • 20241231104725.0
020 -Międzynarod. znormalizowany nr książki - ISBN [ , ]
    • a
    • Numer ISBN
    • 8301111879 Find
040 -Instytucja sporządzająca opis [ , ]
    • a
    • Instytucja, która sporządziła opis (NP)
    • NUKAT
    • c
    • Instytucja, która sporządziła rekord (NP)
    • LUBL 58/LK
942 -Rodzaj dokumentu [ , ]
    • c
    • Rodzaj dokumentu
    • Książka
100 -Hasło główne - nazwa osobowa [1, ]
    • a
    • Nazwa osobowa (NP)
    • Sierpińska, Maria
    • d
    • Daty biograficzne (NP)
    • (1950- ).
    • 9
    • KHW
    • 49434
245 -Strefa tytułu i oznaczenia odpowiedzialności [1,0]
    • a
    • Tytuł
    • Ocena przedsiębiorstwa według standardów światowych / Find
    • c
    • Pozostałe elementy strefy tytułu i oznaczenia odpowiedzialności (NP)
    • Maria Sierpińska, Tomasz Jachna.
250 -Strefa wydania [ , ]
    • a
    • Oznaczenie wydania (NP)
    • Wyd. 2, dodruk 9.
260 -Strefa adresu wydawniczego [ , ]
    • a
    • Miejsce wydania (P)
    • Warszawa :
    • b
    • Nazwa wydawcy (P)
    • Wydaw. Naukowe PWN,
    • c
    • Data wydania (P)
    • 1999.
300 -Strefa opisu fizycznego [ , ]
    • a
    • Określenie formy książki i/lub objętość (NP)
    • 277, [1] s. ;
    • c
    • Format (NP)
    • 24 cm.
336 -Typ zawartości [ , ]
    • a
    • Termin opisujący typ zawartości
    • Tekst
    • b
    • Kod określający zawartość
    • txt
    • 2
    • Źródło (terminu i kodu)
    • rdacontent
337 -Typ mediów [ , ]
    • a
    • Tryb odtwarzania
    • Bez urządzenia pośredniczącego
    • b
    • Kod typu mediów
    • n
    • 2
    • Źródło (terminu i kodu)
    • rdamedia
338 -Typ/rodzaj nośnika [ , ]
    • a
    • Hasło opisujące typ nośnika
    • Wolumin
    • b
    • Kod typu nośnika
    • nc
    • 2
    • Źródło (terminu i kodu)
    • rdacarrier
504 -Uwaga dot. bibliogr. załącznikowej [ , ]
    • a
    • Uwaga dot. bibliografii załącznikowej
    • Bibliogr. s. 276-277.
080 -Uniwersalna Klasyfikacja Dziesiętna [ , ]
    • a
    • Symbol klasyfikacji
    • 658.14/.17
    • 9
    • UKD
    • 5620
    • 2
    • Identyfikator wydania tablic
    • UDC-P058
    • b
    • Dopowiedzenie
    • Zagadnienia finansowe przedsiębiorstwa. Rozrachunek gospodarczy. Fundusz zakładowy.
080 -Uniwersalna Klasyfikacja Dziesiętna [ , ]
    • a
    • Symbol klasyfikacji
    • :657
650 -Hasło przedmiotowe [ ,7]
    • a
    • Hasło przedmiotowe
    • Przedsiębiorstwa
    • x
    • Określnik rzeczowy
    • ocena
    • v
    • Określnik formalny
    • podręczniki akademickie.
    • 2
    • Źródło terminu
    • kaba
    • 9
    • KHW
    • 359035
980 -Symbol UKD [ , ]
    • a
    • UKD
    • 658.14/.17:657
700 -Hasło dodatkowe - nazwa osobowa [1, ]
    • a
    • Nazwa osobowa (NP)
    • Jachna, Tomasz. Find
    • 9
    • KHW
    • 26178
710 -Hasło dodatkowe - nazwa ciała zbiorowego [2, ]
    • a
    • Nazwa ciała zbiorowego lub nazwa geograficzna jako pierwszy element (NP)
    • Wydawnictwo Naukowe PWN.
    • 4
    • Kod relacji
    • pbl
    • 9
    • KHW
    • 52648
920 -ISBN [ , ]
    • a
    • ISBN
    • 83-01-11187-9 Find
Data inwentaryzacji Lokalizacja Status udost. Numer inwentarzowy Sygnatura
2000-02-29BE-2E.66594 
2000-02-29BE-3S.85544 
2000-02-29BE-6S.85545 
2000-02-29BE-6S.85546 
2000-02-29BE-6S.85547 
2000-02-29BE-6S.85548 
2000-02-29BE-6S.85550 
2000-02-29BE-3S.85551 
2000-02-29BE-3S.85552 
2000-02-29BE-3S.85553 
2000-04-19BE-6S.85755 
2000-11-17BE-6S.87153 
2000-02-29BE-3S.85549 
2000-02-29BG-3W.201416W.201416
2000-02-29BG-3W.201417W.201416
2000-02-29BG-3W.201418W.201416
2000-02-29BG2W.201419W.201416
2000-02-29BG2W.201420W.201416
2000-02-29BG2W.201421W.201416
2000-02-29BG2W.201422W.201416
2000-02-29BG-3W.201423W.201416
2000-02-29BG2W.201424W.201416
2000-03-02BG1Z.95403Z.95403
2000-02-28T-3T.2000T.2000
2000-02-29T-3T.2001T.2001
2000-02-29T-3T.2002T.2002
2000-02-29T-3T.2003T.2003
2000-02-29T-3T.2004T.2004
2000-02-29T-6T.2005T.2005
2000-02-29T-6T.2006T.2006
2000-02-29T-3T.2007T.2007
2000-02-29T-3T.2008T.2008
2000-02-29T-3T.2009T.2009
2000-02-29T-3T.2010T.2010
2000-06-26T-3T.2765T.2765
2000-08-23T-6T.3100T.3100
2000-11-28T-3T.3506T.3506
2000-11-28T-3T.3507T.3507